Word Ladder: 1975 Best Picture Quiz Stats

Quiz Updated Sep 25, 2014

Challenge
Share
Tweet
Embed
Score 0/36 Timer 04:00
1 Play Today
Clue 4-Letter Word % Correct
What hearts doBEAT
96.6%
Where bread is bakedOVEN
94.6%
It helps things stick togetherGLUE
94.5%
Prepare food★ COOK ★
92.7%
Heroic deedFEAT
91.3%
It might be willow or ashTREE
91.1%
AdolescentTEEN
90.7%
It might precede bag, pole, or counterBEAN
90.2%
Word for a defunct relationship★ OVER ★
90%
A Biblical pronoun★ THEE ★
89.5%
What a pancake is, proverbiallyFLAT
89.5%
Pigeon sounds★ COOS ★
89.2%
Back in those daysTHEN
89%
Chimney pipe★ FLUE ★
88.8%
TatteredTORN
88.4%
It might follow candy, pepper, or popCORN
88.4%
Uno más dosTRES
88.2%
A French name, as in Saint ____ BaptisteJEAN
88.1%
Clue 4-Letter Word % Correct
Joyful merrimentGLEE
87.9%
Bung material, or an Irish countyCORK
86.3%
Prophetic signOMEN
86.2%
A migratory birdTERN
85.9%
Team from New York or WinnipegJETS
85.3%
A Spanish name, as in San ____ Capistrano★ JUAN ★
84.4%
Excess fleshFLAB
84.1%
A place where eggs are often kept★ NEST ★
83.8%
Napping placesCOTS
83.6%
Scribbles notesJOTS
83.1%
Secluded valleyGLEN
82.2%
JokeJEST
81.7%
BungleFLUB
81%
FBI agentsG-MEN
80.9%
A falcon's foot strap, or 'New Girl' title characterJESS
79.8%
Materials for smeltingORES
77.8%
Lyric poems (Keats wrote one on an urn)ODES
76%
Main river of SilesiaODER
72%

Today's Daily Dose

Missing Word
Jazz Songs 'C'

On This Day
January 18th

You're not logged in!

Compare scores with friends on all Sporcle quizzes.
Sign Up with Email
OR
Log In

You Might Also Like...

Show Comments

Extras

Top Quizzes Today


Score Distribution

Your Account Isn't Verified!

In order to create a playlist on Sporcle, you need to verify the email address you used during registration. Go to your Sporcle Settings to finish the process.